000 01239nam2a22002651 4500
001 rc\3376228
005 20250609222933.0
021 _aRU
_b[71-14338]
035 _a(NLR Aleph) 007532101
090 _a7758160
_c7758160
100 _a20130115d1971 |||y0rusy50 ca
101 1 _arus
_ckaz
102 _aRU
105 _aa z |||||
200 0 _aТ. 2
_f[Ил.: Е. Сидоркина]
210 _d1971
_aБ. м.
215 _a687 с., 12 л. ил.
_d20
225 1 _a...
_vТ. 135
_i...
461 0 _1001rc\3376226
_12001#$aПуть Абая$eРоман-эпопея$eВ 2 т.$eПер. с каз.$f[Вступ. статья А. Нурпеисова, с. 5-20$gПримеч. И. Дюсенбаева и Е. Лизуновой$gИл.: Е. Сидоркин]. Т. 1-$vТ. 2
_1700#1$aАуэзов$bМ.О.$f1897-1961$gМухтар Омарханович
_97758154
_aАуэзов, М.О. (1897-1961)
_cМосква
_d1971-
_f[Вступ. статья А. Нурпеисова, с. 5-20
_nХудож. лит.
_oРоман-эпопея : В 2 т. : Пер. с каз.
_tПуть Абая
_vТ. 2
702 1 _aСидоркин
_bЕ.
_4440
801 0 _aRU
_bNLR
_gpsbo
801 1 _aRU
_bELAR
_2rusmarc
852 _aNLR
_j71-3/681
942 _cBOOK
980 _aNB